Music Quiz

Random Music or Clickable Quiz

Colors from the pants in Galaxy Supernova (SNSD) Quiz Stats

 Plays Quiz not verified by Sporcle

Challenge
Share
Tweet
Embed
Score 0/9 Timer 01:00
0 Plays Today
% Correct
Pink
77.6%
Red
67.6%
White
62.9%
Light blue
62.9%
Black
54.1%
Purple
53%
Grey
46.2%
Dark blue
33.9%
Brown
33.2%

You're not logged in!

Compare scores with friends on all Sporcle quizzes.
Join for Free
OR
Log In

You Might Also Like...

Show Comments

Extras

Top Quizzes Today


Score Distribution

Your Account Isn't Verified!

In order to create a playlist on Sporcle, you need to verify the email address you used during registration. Go to your Sporcle Settings to finish the process.

Report this User

Report this user for behavior that violates our Community Guidelines.

Details: